Cliquez sur la couleur, pas le mot - Statistiques

Statistiques générales
  • Ce quiz a été pris 10 159 fois
  • Le résultat moyen est 35 sur 49
Statistiques - réponses
Hint Réponse % Correct
JAUNE JAUNE
75%
ROUGE ROUGE
74%
ORANGE ORANGE
74%
VERT VERT
74%
BLEU BLEU
74%
VIOLET VIOLET
74%
BLANC BLANC
74%
ROUGE JAUNE
73%
ROUGE VIOLET
73%
ORANGE VIOLET
73%
BLEU BLANC
73%
ORANGE ROUGE
72%
BLEU ROUGE
72%
VIOLET ROUGE
72%
ROUGE ORANGE
72%
BLEU ORANGE
72%
ORANGE JAUNE
72%
VERT JAUNE
72%
BLEU JAUNE
72%
VIOLET JAUNE
72%
BLANC JAUNE
72%
ROUGE VERT
72%
ORANGE VERT
72%
JAUNE VERT
72%
BLEU VERT
72%
VIOLET VERT
72%
BLANC VERT
72%
ROUGE BLEU
72%
VERT BLEU
72%
VIOLET BLEU
72%
BLANC BLEU
72%
JAUNE VIOLET
72%
VERT VIOLET
72%
BLEU VIOLET
72%
ROUGE BLANC
72%
JAUNE BLANC
72%
VIOLET BLANC
72%
JAUNE ROUGE
71%
VERT ROUGE
71%
BLANC ROUGE
71%
VERT ORANGE
71%
VIOLET ORANGE
71%
BLANC ORANGE
71%
ORANGE BLEU
71%
JAUNE BLEU
71%
BLANC VIOLET
71%
ORANGE BLANC
71%
VERT BLANC
71%
JAUNE ORANGE
70%
Aucun quiz correspondant
Distribution des résultats
% des personnes avec chaque résultat
Percentile par nombre de réponses
Votre historique - résultats
Vous n’avez pas pris ce quiz